|
|
|
|
| LEADER |
00000nab a2200000 a 4500 |
| 001 |
vtls000873449 |
| 003 |
SK-MaSNL |
| 005 |
20260304143156.0 |
| 008 |
250505c2004 xo 0 slo |
| 015 |
|
|
|a SNBRB2004/05-15798
|
| 035 |
|
|
|a CLN000225001
|
| 035 |
|
|
|a urn:nbn:sk:snk-abbxfn
|
| 035 |
|
|
|a (urnnbn)urn:nbn:sk:snk:ar-000p1d
|
| 035 |
|
|
|a (uuid)e5fdfde4-b035-4f1d-abef-75a22e09b77f
|
| 040 |
|
|
|a SNKBUCL
|b slo
|c SNKBUCL
|e AACR2
|
| 041 |
0 |
|
|a slo
|
| 044 |
|
|
|a xo
|c SK
|
| 080 |
|
|
|a 002.2.001.5(437.1/.2)
|2 1997
|
| 100 |
1 |
|
|a Škovierová, Angela,
|d 1974-
|4 aut
|9 184246
|
| 245 |
1 |
0 |
|a Inšpirácie pre bádateľov
|b český výskum dejín knižnej kultúry
|c Angela Škovierová
|
| 610 |
2 |
7 |
|a Národní knihovna České republiky.
|b Oddělení rukopisů a starých tisků
|2 snkbucl
|9 168371
|
| 650 |
0 |
7 |
|a knižná kultúra
|2 snkbucl
|9 31235
|
| 650 |
0 |
7 |
|a rukopisy
|2 snkbucl
|9 1788
|
| 650 |
0 |
7 |
|a staré tlače
|2 snkbucl
|9 51683
|
| 650 |
0 |
7 |
|a výskum
|2 snkbucl
|9 4238
|
| 650 |
0 |
7 |
|a zborníky
|2 snkbucl
|9 108488
|
| 651 |
|
7 |
|a Česko
|2 snkbucl
|9 16753
|
| 655 |
|
7 |
|a recenzie
|2 snkbucl
|9 21907
|
| 773 |
0 |
|
|t Knižnica
|g Roč. 5, č. 4 (2004), s. 189-191
|x 1335-7026
|
| 787 |
0 |
8 |
|i Rec.:
|t Miscellanea (16) 1999-2000. Národní knihovna České republiky. Oddělení rukopisů a starých tisků
|d Praha : Národní knihovna ČR, 2000
|z 8070504013
|
| 850 |
|
|
|a Slovenská národná knižnica
|
| 852 |
|
|
|a Slovenská národná knižnica
|
| 856 |
4 |
1 |
|u http://www.snk.sk/images/snk/casopis_kniznica/2004/april/189.pdf
|
| 954 |
|
|
|a odborná, vedecká literatúra pôvodná (slovenská)
|2 lita
|
| 958 |
|
|
|a article15
|
| 958 |
|
|
|a KL
|
| 958 |
|
|
|a CZ
|
| 958 |
|
|
|a RC
|
| 958 |
|
|
|a OND
|
| 958 |
|
|
|a EUIPO
|
| 999 |
|
|
|c 2924547
|d 2926477
|